000 00869cam a22002531 4500
001 sg 46000131
003 DLC
005 20260227112748.0
008 750710s1946 nyuaek bs 000 0 eng c
010 _asg 46000131
035 _a(OCoLC)1440056
040 _aU.S. Surg.-Gen. Off. Libr.
_cNmU
_dOCoLC
_dDLC
042 _apremarc
050 0 0 _aRA971
_b.R65
082 _a362.11
100 1 _aRoswell, Charles G.
245 1 0 _aAccounting, statistics and business office procedures for hospitals,
_cby Charles G. Roswell ...
260 _aNew York, N.Y.,
_bUnited Hospital Fund of New York,
_c1946.
300 _a1 p. l., v-ix, 287 p.
_billus. (plan) forms (part fold., part in pocket) diagrs.
_c25 cm.
504 _aBibliography: p. 275-276.
650 0 _aHospitals
_xAccounting.
650 0 _aHospitals
_vStatistics.
710 2 _aUnited Hospital Fund of New York.
999 _c90750
_d90750